01452cam a2200349 i 45000010005000000030006000050050017000110080041000280100017000690200036000860200030001220400028001520420008001800430012001880500023002000820022002231000019002452450037002642640035003013000040003363360026003763370028004023380027004304900016004575040006004735050007004795200460004865210018009465210018009646000034009826500086010161782FISKH20230929122328.0141208t2016 nyua j b 001 0beng  a 2014044749 a9780531215982 (library binding) z9780531217603 (paperback) aDLCbengcDLCerdadDLC apcc an-us---00aGV865.R6bG75 201600a796.357092aB2231 aGregory, Josh.10aJackie Robinson /cJosh Gregory. 1aNew York :bScholastic,c2016. a48 pages :billustrations ;c22 cm. atextbtxt2rdacontent aunmediatedbn2rdamedia avolumebnc2rdacarrier0 aA True Book a 0 aV  aAs the first African American ever to play for a major league baseball team, Jackie Robinson helped change race relations in America forever. Readers (Grades 3-5) will learn about Robinson's early success as a versatile athlete and the difficulties he faced in an era of widespread prejudice and segregation. The will also find out how he came to break pro baseball's color barrier and how he used his fame to bring awareness to the civil rights movement.1 a850 bLexile 1 aV bRaz-Plus 10aRobinson, Jackie,d1919-1972. 0aAfrican American baseball playerszUnited StatesvBiographyvJuvenile literature.